00453nam a2200193Ia 4500008004100000020001800041050001400059100002200073245001900095245002200114260001500136260002200151260000900173300001500182300002700197300001000224440001700234500000800251170918s9999 xx 000 0 und d a9780531262375 bC973 2013 aCunningham, Kevin aReading maps / cKevin Cunningham. aNew York : bChildren's Press, c2013 a48 pages : bcolored illustration ; c21cm. aA true book. a920